| 000 | 00554nam a22001817a 4500 | ||
|---|---|---|---|
| 005 | 20251108165503.0 | ||
| 008 | 250721s1997 xx 000 0 ara d | ||
| 082 | 1 | 4 | _aم/811.01/فار |
| 100 | 1 | _aسعد، فاروق | |
| 245 | 1 | 0 | _aغراميات عمر بن أبي ربيعة في أخباره و أشعاره / |
| 264 | 1 |
_aبيروت : _bدار اللإفاق الجديده، _c1997. |
|
| 300 | _a600ص | ||
| 650 | 1 | 7 | _aشعر الغزل |
| 650 | 1 | 7 | _aالتراجم |
| 650 | 1 | 7 | _aالشعر الإموي |
| 942 |
_2ddc _cREF |
||
| 999 |
_c29096 _d29096 |
||